| 000 | 01367nam a22002777a 4500 | ||
|---|---|---|---|
| 005 | 20100821121828.0 | ||
| 010 | _aENG-101196 B-424032 | ||
| 020 |
_a9789380032740 _c250.00 |
||
| 035 | _aEN-84729 | ||
| 035 | _aB-424032 | ||
| 037 | _bDBAD/PUB | ||
| 037 | _bResearchco Book Centre | ||
| 082 | _a155.25 | ||
| 100 |
_aMcCrudden, Colin _931796 |
||
| 245 |
_aYou unlimited : _cby Colin McCrudden, Adrian Bourne [and] Christopher Lyons _bunlock the wealth in your head unleash your full potential enjoy the rewards of your unique talents / |
||
| 260 |
_aNew Delhi _bWestland _c2010 |
||
| 270 |
_bNew Delhi _e110002 _a47, Brij Mohan Road, Daryaganj |
||
| 300 |
_a274p. _c20cm (pbk) |
||
| 500 | _aincludes bibliographical references and index | ||
| 700 |
_aBourne, Adrian _915893 |
||
| 700 |
_aLyons, Christopher _915894 |
||
| 942 |
_2ddc _cEN _h155.25 _mMCC |
||
| 999 |
_c42857 _d42857 |
||